[Event "Tourn. n9875"]
[Site "www.echecsemail.com"]
[Date "2018.07.29"]
[Round "1"]
[White "Apdash"]
[Black "Malbertan"]
[WhiteElo "1810"]
[BlackElo "2020"]
[Result "0-1"]
[Round "1"]
1.e4 d6
2.d4 Ng8f6
3.Nb1c3 g6
4.f4 Bf8g7
5.Bf1c4 O-O
6.Ng1f3 c5
7.e5 dxe5
8.dxe5 Qd8xd1
9.Nc3xd1 Nf6d7
10.Bc1e3 Nb8c6
11.O-O b6
12.e6 fxe6
13.Bc4xe6 Kh8
14.Nf3g5 Nd7f6
15.Nd1c3 Nc6d8
16.f5 Bc8xe6
17.Ng5xe6 Nd8xe6
18.fxe6 Nf6g4
19.Be3g5 Bg7xc3
20.bxc3 Ng4f6
21.Rf1f3 Ra8d8
22.Ra1f1 Kg7
23.Rf3d3 Rd8xd3
24.cxd3 Nf6d5
25.c4 Rf8xf1
26.Kxf1 Nd5c7
27.Bg5xe7 Nc7xe6
28.Be7d6 Kf6
29.Bd6b8 a6
30.Bb8a7 b5
31.cxb5 axb5
32.g3 Ke5
33.Ke2 Kd5
34.Ke3 Ne6d4
35.Ba7b6 Nd4f5
36.Kd2 Kd4
37.Bb6d8 Kd5
38.Bd8f6 Nf5d4
39.Bf6xd4 Kxd4
40.h4 h6
41.g4 b4
42.g5 h5
43.Kc2 Ke3
{ resign }
0-1

[Event "Tourn. n9868"]
[Site "www.echecsemail.com"]
[Date "2018.07.29"]
[Round "1"]
[White "Mitja"]
[Black "Ffdd65"]
[WhiteElo "2040"]
[BlackElo "2170"]
[Result "0-1"]
[Round "1"]
1.d4 d5
2.e3 Ng8f6
3.c3 e6
4.Ng1f3 Nb8d7
5.Bf1d3 h6
6.h3 Bf8d6
7.Nb1d2 c5
8.dxc5 Bd6xc5
9.Nd2b3 b6
10.Nb3xc5 Nd7xc5
11.Bd3c2 O-O
12.b3 Nc5e4
13.Bc1b2 Bc8a6
14.Bc2d3 Ba6xd3
15.Qd1xd3 Ra8c8
16.O-O Nf6d7
17.Bb2a3 Rc8xc3
18.Qd3d4 Nd7c5
19.Ra1c1 Rc3xc1
20.Rf1xc1 Rf8e8
21.Ba3b2 f6
22.Qd4d1 Re8e7
23.Nf3d2 Nc5d3
24.Nd2xe4 dxe4
25.Rc1c2 Re7d7
26.Qd1g4 f5
27.Qg4g6 Rd7e7
28.Bb2a3 Re7e8
29.Qg6h5 Qd8d7
30.Rc2d2 Qd7f7
31.Qh5e2 Re8c8
32.Rd2d1 Qf7c7
33.Qe2d2 Qc7c2
34.g3 b5
35.Ba3d6 Nd3b2
36.Qd2xc2 Rc8xc2
37.Rd1b1 Nb2d3
38.Rb1f1 Rc2xa2
39.b4 Ra2b2
40.h4 Nd3xb4
41.Bd6xb4 Rb2xb4
42.Rf1a1 Rb4a4
43.Ra1b1 b4
44.Kf1 Kf7
45.Rb1b2 Ke7
46.Ke2 Kd6
47.Rb2c2 b3
{ resign }
0-1

[Event "Tourn. n9884"]
[Site "www.echecsemail.com"]
[Date "2018.07.29"]
[Round "1"]
[White "Kuriero"]
[Black "Hansen"]
[WhiteElo "1569"]
[BlackElo "1520"]
[Result "1-0"]
[Round "1"]
1.e4 d5
2.exd5 Qd8xd5
3.Nb1c3 Qd5d4
4.Ng1f3 Qd4c5
5.d4 Qc5d6
6.h3 a6
7.Bf1d3 h6
8.O-O f5
9.Nf3e5 Bc8e6
10.Bc1f4 Qd6xd4
11.Bd3b5 Qd4d7
12.Qd1h5 Kd8
13.Ne5xd7 Be6xd7
14.Bb5xd7 Nb8xd7
15.Qh5xf5 h5
16.Ra1d1 Ng8f6
17.Bf4g5 Ke8
18.Bg5xf6 gxf6
19.Qf5xd7 Kf7
20.Rf1e1 Kg6
21.Qd7xc7 b5
22.Rd1d8 Ra8xd8
23.Qc7xd8 Bf8g7
24.Qd8xe7 Rh8f8
25.Nc3d5 Rf8f7
26.Nd5f4 { resign }
1-0

[Event "Tourn. n9889"]
[Site "www.echecsemail.com"]
[Date "2018.07.29"]
[Round "1"]
[White "Andychesston"]
[Black "Cirovicz"]
[WhiteElo "2100"]
[BlackElo "2140"]
[Result "1-0"]
[Round "1"]
1.e4 c6
2.d4 d5
3.e5 Bc8f5
4.g4 Bf5e4
5.f3 Be4g6
6.Bf1d3 Bg6xd3
7.Qd1xd3 e6
8.h4 Bf8e7
9.g5 h6
10.f4 hxg5
11.Ng1h3 Rh8xh4
12.Rh1g1 Nb8d7
13.Nb1c3 gxf4
14.Rg1xg7 Kf8
15.Rg7h7 Rh4xh7
16.Qd3xh7 Be7h4
17.Ke2 c5
18.Bc1xf4 Nd7f6
19.Qh7xh4 cxd4
20.exf6 dxc3
21.Qh4h8 Ke8
22.Qh8xg8 Kd7
23.Qg8xf7 Kc6
24.bxc3 { resign }
1-0

[Event "Match"]
[Site "www.echecsemail.com"]
[Date "2018.07.29"]
[Round "1"]
[White "Goofy"]
[Black "J1j6"]
[WhiteElo "2340"]
[BlackElo "1940"]
[Result "1-0"]
[Round "1"]
1.e4 e6
2.d3 d5
3.Nb1d2 dxe4
4.dxe4 Bf8c5
5.Ng1f3 Nb8c6
6.c3 Qd8f6
7.Nd2b3 Ng8e7
8.Nb3xc5 O-O
9.Bf1e2 a6
10.Nc5d7 Bc8xd7
11.Qd1xd7 Ra8c8
12.Bc1g5 Qf6g6
13.Bg5xe7 Nc6xe7
14.Qd7xe7 Qg6xe4
15.Qe7b4 { resign }
1-0

[Event "Match"]
[Site "www.echecsemail.com"]
[Date "2018.07.29"]
[Round "1"]
[White "Foxy100"]
[Black "Daniel13"]
[WhiteElo "2180"]
[BlackElo "1699"]
[Result "1-0"]
[Round "1"]
1.e4 d5
2.exd5 Qd8xd5
3.Nb1c3 Qd5a5
4.d4 Ng8f6
5.Bc1d2 c6
6.Bf1d3 Bc8g4
7.f3 Bg4h5
8.Ng1e2 e6
9.O-O  { time }
1-0

[Event "Tourn. n9885"]
[Site "www.echecsemail.com"]
[Date "2018.07.29"]
[Round "1"]
[White "Fantomas"]
[Black "Cirovicz"]
[WhiteElo "2110"]
[BlackElo "2140"]
[Result "1-0"]
[Round "1"]
1.e4 d6
2.d4 g6
3.Ng1f3 Bf8g7
4.Bc1e3 Bc8g4
5.h3 Bg4xf3
6.Qd1xf3 c6
7.Bf1c4 e6
8.c3 d5
9.exd5 exd5
10.Bc4d3 Nb8d7
11.Nb1d2 Ng8f6
12.O-O O-O
13.Rf1e1 Rf8e8
14.Be3g5 Qd8b6
15.Nd2b3 Re8e6
16.Kf1 Ra8e8
17.Re1xe6 Re8xe6
18.Ra1e1 h6
19.Bg5c1 c5
20.dxc5 Re6xe1
21.Kxe1 Nd7xc5
22.Bd3c2 Nc5xb3
23.Bc2xb3 Nf6e4
24.Bb3xd5 Ne4f6
25.Bd5b3 g5
26.Bc1e3 Qb6a6
27.Be3d4 Kh8
28.Bb3xf7 Nf6d7
29.Qf3e4 Bg7xd4
30.Qe4xd4 Nd7f6
31.Bf7c4 Qa6c6
32.f3 Kg7
33.Bc4b3 a5
34.Bb3c2 Qc6e6
35.Bc2e4 b6
36.b3 h5
37.Kf2 g4
38.hxg4 hxg4
39.c4 gxf3
40.Be4xf3 Qe6f5
41.Qd4xb6 Qf5c2
42.Kg3 Qc2xa2
43.Qb6b7 Kg6
44.Bf3e4 Kh6
45.Be4d5 Qa2e2
46.Bd5f3 Qe2e1
47.Kf4 Qe1e6
48.Qb7b5 Qe6d6
49.Qb5e5 Qd6d2
50.Qe5e3 Qd2d6
51.Kf5 Kh7
52.Qe3e6 Qd6xe6
53.Kxe6 Nf6e8
54.c5 Kg8
55.c6 { resign }
1-0

[Event "Match"]
[Site "www.echecsemail.com"]
[Date "2018.07.29"]
[Round "1"]
[White "Fegatux"]
[Black "Liencam2"]
[WhiteElo "2340"]
[BlackElo "2310"]
[Result "0-1"]
[Round "1"]
1.d4 Ng8f6
2.c4 d5
3.g3 dxc4
4.Bf1g2 e5
5.e3 exd4
6.exd4 Bf8b4
7.Nb1c3 O-O
8.Ng1e2 Rf8e8
9.O-O c6
10.a3 Bb4a5
11.Bc1g5 Bc8f5
12.b4 Ba5c7
13.Qd1c1 Nb8d7
14.d5 cxd5
15.Nc3xd5 Re8xe2
16.Qc1xc4 Re2c2
17.Qc4b3 h6
18.Bg5xf6 Nd7xf6
19.Nd5e3 Qd8d3
20.Qb3xc2 Qd3xc2
21.Ne3xc2 Bc7e5
22.Nc2e3 Be5xa1
23.Rf1xa1 Bf5e4
24.f3 Be4c6
25.a4 a6
26.Ne3f5 Nf6d5
27.f4 Nd5xb4
28.Nf5e7 Kf8
29.Ne7xc6 Nb4xc6
30.Kf2 Ra8d8
31.Ke3 Nc6b4
32.Ra1b1 Nb4c2
33.Ke2 Rd8d4
34.Rb1b2 Nc2b4
35.Bg2xb7 a5
36.Rb2d2 Rd4c4
37.Bb7d5 Nb4xd5
38.Rd2xd5 Rc4xa4
39.Rd5d2 Ke7
 { time }
0-1

[Event "Tourn. n9835"]
[Site "www.echecsemail.com"]
[Date "2018.07.29"]
[Round "1"]
[White "Cal"]
[Black "Ditto"]
[WhiteElo "1660"]
[BlackElo "1820"]
[Result "0-1"]
[Round "1"]
1.c4 e5
2.e4 Bf8c5
3.Ng1f3 d6
4.h3 Bc8e6
5.a3 a6
6.d3 Nb8c6
7.Bc1g5 Qd8d7
8.Nb1c3 Ng8e7
9.Bf1e2 Nc6d4
10.Nf3xd4 Bc5xd4
11.Nc3a4 O-O
12.O-O Ne7g6
13.Ra1b1 Ra8b8
14.b4 f6
15.Bg5d2 Qd7f7
16.Kh2 f5
17.exf5 Qf7xf5
18.Be2g4 Qf5f6
19.Bg4xe6 Kh8
20.g3 Qf6xe6
21.Bd2e3 Bd4xe3
22.fxe3 Ng6e7
23.Rf1xf8 Rb8xf8
24.Rb1b2 Ne7f5
25.Qd1e2 Qe6g6
26.Na4c3 Qg6xg3
27.Kh1 Qg3xh3
28.Kg1 Nf5g3
29.Qe2g2 Qh3g4
30.Kh2 Qg4h4
31.Qg2h3 Ng3f1
32.Kg2 Qh4g5
33.Kh1 Nf1xe3
34.Nc3e4 Qg5f4
35.Ne4g3 Qf4f3
36.Kh2 Ne3g4
37.Kg1 Qf3e3
38.Kg2 Qe3f3
39.Kg1 Qf3e3
40.Kg2 Ng4f2
41.Qh3h4 Qe3xd3
42.Qh4e7 Qd3f3
43.Kg1 Qf3xg3
44.Kf1 Nf2d3
45.Ke2 Rf8f2
46.Kd1 Qg3g1
{ resign }
0-1

[Event "Tourn. n9837"]
[Site "www.echecsemail.com"]
[Date "2018.07.29"]
[Round "1"]
[White "Hundegana"]
[Black "Bevittsmith"]
[WhiteElo "2060"]
[BlackElo "2180"]
[Result "0-1"]
[Round "1"]
1.e3 d5
2.Ng1f3 Ng8f6
3.b3 c5
4.Bc1b2 e6
5.c4 Nb8c6
6.Nb1c3 d4
7.exd4 cxd4
8.Nc3b5 e5
9.Qd1e2 Bf8e7
10.Nf3xe5 O-O
11.O-O-O Be7c5
12.Ne5xc6 bxc6
13.Nb5a3 Qd8a5
14.Na3c2 Qa5xa2
15.Qe2d3 Ra8b8
16.Nc2a1 Bc5a3
17.Bb2xa3 Qa2xa1
18.Kc2 Qa1xa3
19.Rd1b1 Qa3c5
20.f3 Bc8f5
21.Qd3xf5 Qc5xf5
22.Bf1d3 Qf5g5
23.g4 Rf8e8
24.h4 Qg5a5
25.Rb1a1 Qa5b6
26.Rh1b1 Nf6d7
27.f4 Nd7c5
28.Bd3f1 d3
29.Bf1xd3 Nc5xd3
30.Kxd3 Rb8d8
31.Kc3 Qb6d4
32.Kb4 Qd4xd2
33.Kc5 Re8e7
34.f5 Re7e5
35.Kxc6 Qd2d6
36.Kb7 Re5e7

0-1

[Event "Match"]
[Site "www.echecsemail.com"]
[Date "2018.07.29"]
[Round "1"]
[White "Caspito"]
[Black "Darknight"]
[WhiteElo "1940"]
[BlackElo "1880"]
[Result "0-1"]
[Round "1"]
1.e4 e5
2.Ng1e2 Bf8c5
3.d4 exd4
4.Ne2xd4 Qd8f6
5.c3 Nb8c6
6.Bc1e3 a6
7.b4 Bc5a7
8.Qd1f3 Nc6xd4
9.cxd4 Ba7xd4
10.Qf3xf6 Bd4xf6
11.Be3f4 Bf6xa1
12.Bf4xc7 Ng8f6
13.Bf1d3 b5
14.O-O Ba1d4
15.Nb1d2 Bd4c3
16.Nd2b3 Bc3xb4
17.e5 Nf6d5
18.Bc7d6 Bb4xd6
19.exd6 O-O
20.Bd3e4 Bc8b7
21.Nb3a5 Bb7c6
22.a3 f5
23.Na5xc6 dxc6
24.Be4f3 Kh8
25.Rf1d1 Ra8d8
26.g3 Rd8xd6
27.Kg2 f4
28.Rd1e1 fxg3
29.hxg3 h6
30.Bf3d1 Nd5c3
31.Bd1c2 Rd6d2
32.Bc2g6 Rd2xf2
33.Kh3 a5
34.Kg4 Rf2g2
35.Re1e3 Nc3e2
{ resign }
0-1

[Event "Match"]
[Site "www.echecsemail.com"]
[Date "2018.07.29"]
[Round "1"]
[White "Ditto"]
[Black "J1j6"]
[WhiteElo "1870"]
[BlackElo "1749"]
[Result "0-1"]
[Round "1"]
1.e4 e5
2.Ng1f3 Nb8c6
3.Bf1b5 Ng8e7
4.d3 d6
5.Nb1c3 a6
6.Bb5a4 Bc8d7
7.Bc1g5 f6
8.Bg5e3 Ne7g6
9.Ba4b3 Nc6a5
10.Bb3d5 c6
11.Bd5b3 Na5xb3
12.axb3 Bf8e7
13.O-O Bd7e6
14.Nc3a4 b5
15.Na4c3 d5
16.exd5 cxd5
17.Be3c1 d4
18.Nc3e4 Be6d5
19.Ne4g3 Be7b4
20.Ng3h5 Qd8c7
21.Nh5g3 Ra8c8
22.Nf3e1 Qc7b7
23.Ng3f5 O-O
24.Qd1g4 Bb4xe1
25.Rf1xe1 Rc8xc2
26.Ra1a3 b4
27.Ra3a1 Bd5xb3
28.Nf5g3 Bb3d5
29.Ng3f5 Bd5e6
30.Nf5h6 gxh6
31.Qg4xe6 Kh8
32.Ra1b1 Ng6h4
33.Qe6h3 Nh4g6
34.Bc1xh6 Rf8g8
35.b3 Ng6h4
36.Re1e4 Nh4xg2
37.Kf1 Qb7f7
38.Qh3f3 Qf7g6
39.Bh6c1 Ng2h4
40.Qf3g3 Qg6h5
41.Qg3xh4 Qh5f3
42.Qh4g3 Qf3h1
{ resign }
0-1

[Event "1/16 Finale"]
[Site "www.chess-mail.com"]
[Date "2018.07.29"]
[Round "1"]
[White "Paulsyd"]
[Black "Vgrynyuk"]
[WhiteElo "2580"]
[BlackElo "2810"]
[Result "1/2-1/2"]
[Round "1"]
1.e4 e5
2.Ng1f3 Nb8c6
3.Bf1c4 Ng8f6
4.d3 Bf8e7
5.O-O O-O
6.Rf1e1 d6
7.a4 Nc6a5
8.Bc4a2 c5
9.Nb1a3 Na5c6
10.Bc1d2 Bc8e6
11.Na3c4 Ra8c8
12.h3 h6
13.Nc4e3 Be6xa2
14.Ra1xa2 d5
15.exd5 Nf6xd5
16.Ne3c4 f6
17.Nf3h4 Qd8d7
18.Qd1h5 Be7d8
19.d4 cxd4
20.Nh4f5 Nc6e7
21.Nf5xh6 gxh6
22.Ra2a3 Nd5c3
23.bxc3 Rc8xc4
24.cxd4 Ne7f5
25.Bd2xh6 Qd7h7
26.Qh5g4 Nf5g7
27.Ra3g3 Rc4c7
28.Bh6xg7 Rc7xg7
29.Qg4e6 Kh8
30.Rg3xg7 Kxg7
31.dxe5 fxe5
32.Re1d1 Qh7h4
33.Qe6xe5 Bd8f6
34.Rd1d7 Kh8
35.Qe5e3 { draw }
1/2-1/2

[Event "1/8 Finale"]
[Site "www.chess-mail.com"]
[Date "2018.07.29"]
[Round "1"]
[White "Nimzo"]
[Black "Chessington"]
[WhiteElo "2850"]
[BlackElo "2840"]
[Result "1/2-1/2"]
[Round "1"]
1.d4 e6
2.c4 Ng8f6
3.Ng1f3 Bf8b4
4.Bc1d2 Bb4xd2
5.Qd1xd2 b6
6.g3 Bc8b7
7.Bf1g2 O-O
8.O-O d6
9.Qd2d3 Qd8e7
10.Nb1c3 d5
11.cxd5 exd5
12.Ra1c1 Rf8e8
13.Nf3e5 c5
14.Rf1d1 Nb8a6
15.e3 Ra8c8
16.Rd1e1 Na6c7
17.f4 h6
18.Qd3e2 Re8d8
19.dxc5 bxc5
20.e4 d4
21.Nc3b1 Nf6d7
22.Ne5xd7 { draw }
1/2-1/2

[Event "Tourn. n9740"]
[Site "www.chess-mail.com"]
[Date "2018.07.30"]
[Round "1"]
[White "Aniruddhadg"]
[Black "Szustan"]
[WhiteElo "2440"]
[BlackElo "2630"]
[Result "1-0"]
[Round "1"]
1.d4 d5
2.Ng1f3 Nb8c6
3.e3 Bc8g4
4.c4 e6
5.Nb1c3 Bf8b4
6.Bc1d2 Ng8f6
7.h3 Bg4h5
8.Bf1e2 O-O
9.Ra1c1 dxc4
10.Be2xc4 a6
11.O-O e5
12.g4 exd4
13.exd4 Bh5g6
14.Bd2g5 Qd8d6
15.Bg5xf6 Qd6xf6
16.Nc3d5 Qf6d6
17.a3 Bb4a5
18.b4 Ba5b6
19.Nd5xb6 cxb6
20.Rf1e1 Ra8e8
21.d5 Nc6a7
22.Qd1d4 Re8xe1
23.Rc1xe1 Na7c8
24.Bc4b3 b5
25.Kg2 Qd6c7
26.Qd4c5 Qc7d8
27.d6 b6
28.Qc5e5 Qd8xd6
29.Re1d1 Qd6e7
30.Kg3 Rf8e8
31.Qe5xe7 Nc8xe7
32.Nf3e5 Re8c8
33.f4 h6
34.f5 Rc8c3
35.Rd1d3 Rc3xd3
36.Ne5xd3 Bg6h7
37.Nd3e5 Kf8
38.Bb3xf7 Bh7g8
39.Bf7xg8 Kxg8
40.Kf3 Ne7d5
41.h4 Kf8
42.g5 hxg5
43.hxg5 Ke8
44.Ne5d3 Nd5c3
45.Kf4 Kf7
46.Ke5 Nc3b1
47.g6 Kf8
48.Nd3f4 Nb1xa3
49.Nf4d5 Na3c4
50.Ke6 Nc4d2
51.Nd5xb6 Nd2c4
52.Nb6d5 Nc4d2
53.Nd5c7 Nd2f3
54.Nc7xa6 Nf3d4
55.Ke5 Nd4c2
56.f6 gxf6
57.Kxf6 { resign }
1-0

[Event "Match"]
[Site "www.echecsemail.com"]
[Date "2018.07.30"]
[Round "1"]
[White "Guillaumefi"]
[Black "Whitekknight"]
[WhiteElo "1780"]
[BlackElo "1880"]
[Result "1/2-1/2"]
[Round "1"]
1.c4 Ng8f6
2.Nb1c3 c6
3.g3 d5
4.cxd5 cxd5
5.d4 g6
6.Bf1g2 Bf8g7
7.Ng1f3 Nb8c6
8.Bc1d2 O-O
9.Nf3g5 h6
10.Ng5h3 Kh7
11.O-O e6
12.e4 Nc6xd4
13.exd5 Nf6xd5
14.Nh3f4 Nd5xf4
15.Bd2xf4 Qd8b6
16.Ra1b1 Rf8d8
17.Qd1e1 Nd4f5
18.Nc3e4 g5
19.Bf4d2 Qb6d4
20.Bd2c3 Qd4b6
21.Bc3a5 Qb6d4
22.Ba5xd8 Qd4xd8
23.Rb1d1 Qd8f8
24.Rd1d2 b6
25.Qe1b1 Bc8b7
26.Ne4xg5 hxg5
27.Bg2xb7 Ra8b8
28.Bb7e4 Qf8c5
29.Be4xf5 exf5
30.Rf1c1 Qc5e5
31.Rc1e1 Qe5f6
32.Rd2e2 Rb8b7
33.g4 Kg6
34.gxf5 Kh7
35.Qb1e4 Rb7b8
36.h3 Kg8
37.Qe4d5 Kh7
38.Qd5f3 Rb8d8
39.Re2e8 Rd8xe8
40.Re1xe8 Qf6xb2
41.f6 Qb2xf6
42.Qf3xf6 Bg7xf6
43.a4 Kg6
44.Kg2 a5
45.Kf3 Bf6d4
46.Re8e4 Bd4c5
47.Re4g4 f6
48.h4 Kh5
49.hxg5 fxg5
50.Rg4e4 Kh6
51.Kg3 Kh5
52.f3 Bc5d6
53.Kh3 Bd6c5
54.Kg2 Bc5b4
55.Re4d4 Bb4c5
56.Rd4d5 Kh4
57.Kh2 Bc5e3
58.Kg2 Be3c5
59.Kf1 Bc5e3
60.Ke2 Be3c5
61.Kd3 Bc5f2
62.Ke4 Bf2g1
63.Rd5d7 Kg3
64.Rd7g7 Kh4
65.Kf5 Bg1e3
66.Ke4 Be3c5
67.Kf5 Bc5e3
68.Ke4 Be3f2
69.Kf5 Bf2e3
70.Ke4 Be3c5
71.Kf5 Bc5e3
{ draw }
1/2-1/2

[Event "Match"]
[Site "www.echecsemail.com"]
[Date "2018.07.30"]
[Round "1"]
[White "J1j6"]
[Black "Libiesse"]
[WhiteElo "1749"]
[BlackElo "1950"]
[Result "1-0"]
[Round "1"]
1.f4 d5
2.Ng1f3 Ng8f6
3.d3 g6
4.Nb1c3 c5
5.e3 Bf8g7
6.d4 cxd4
7.Nf3xd4 O-O
8.h3 a6
9.g4 e6
10.Bf1g2 Nb8c6
11.Nd4xc6 bxc6
12.g5 Nf6d7
13.Bc1d2 Qd8b6
14.h4 c5
15.Ra1b1 c4
16.h5 f5
17.gxf6 Nd7xf6
18.hxg6 hxg6
19.Qd1f3 Ra8a7
20.Bg2h3 d4
21.exd4 Bc8b7
22.d5 Nf6xd5
23.Qf3g4 Nd5xc3
24.Bd2xc3 Bg7xc3
25.Kf1 Bb7xh1
26.Qg4xg6 Ra7g7
27.Bh3xe6 Kh8
28.Qg6h6 { resign }
1-0

[Event "Tourn. n9897"]
[Site "www.echecsemail.com"]
[Date "2018.07.30"]
[Round "1"]
[White "Foxy100"]
[Black "Bojan"]
[WhiteElo "2210"]
[BlackElo "2040"]
[Result "1-0"]
[Round "1"]
1.e4 e5
2.Ng1f3 Nb8c6
3.Bf1b5 Qd8f6
4.Nb1c3 Ng8e7
5.Bb5xc6 Ne7xc6
6.O-O a6
7.Nc3d5 Qf6d6
8.Rf1e1 Nc6e7
9.Nf3xe5 Qd6xe5
10.d4 Qe5d6
11.Bc1f4 Qd6c6
12.Nd5xc7 Kd8
13.Nc7xa8 Ne7g6
14.d5 Qc6c5
15.Bf4e3 Qc5b5
16.Be3b6 Ke7
17.d6 Kf6
18.Qd1f3 Ke5
19.Ra1d1 Bf8xd6
20.Qf3f5 { resign }
1-0

[Event "Match"]
[Site "www.echecsemail.com"]
[Date "2018.07.30"]
[Round "1"]
[White "Bojan"]
[Black "Mitja"]
[WhiteElo "2050"]
[BlackElo "2050"]
[Result "0-1"]
[Round "1"]
1.b4 d5
2.e3 e6
3.a3 Qd8f6
4.Ra1a2 Qf6d8
5.c4 dxc4
6.Bf1xc4 c6
7.Bc1b2 Ng8f6
8.Qd1f3 Bf8e7
9.Ng1e2 Qd8c7
10.Nb1c3 h6
11.Nc3e4 Nb8d7
12.Ne2g3 O-O
13.Ng3h5 Nf6xh5
14.Qf3xh5 Qc7d8
15.Qh5g4 Nd7f6
16.Qg4h4 Nf6xe4
17.Qh4xe4 Be7f6
18.d4 Qd8c7
19.O-O b6
20.Rf1d1 Bc8b7
21.Bc4d3 g6
22.Qe4f3 Kg7
23.Bd3e4 Ra8b8
24.Bb2c1 b5
25.a4 a6
26.axb5 axb5
27.Ra2c2 Qc7d6
28.Rc2c5 Rf8c8
29.Rd1d2 Rb8a8
30.Qf3d1 Bf6d8
31.Bc1b2 Kh7
32.Rd2c2 Bd8b6
33.Rc5h5 f5
34.Rh5h4 fxe4
35.Rh4xe4 Qd6d5
36.f3 Rc8e8
37.Qd1d3 Qd5f5
38.Qd3e2 Ra8c8
39.Re4f4 Qf5h5
40.Rf4f7 Kg8
41.Rf7xb7 Bb6c7
42.g3 Bc7d6
43.Bb2c3 Qh5g5
44.Qe2g2 Qg5xe3
45.Kf1 Re8f8
46.Bc3e1 Rf8xf3
47.Rc2f2 Rc8f8
48.Rf2xf3 Rf8xf3
49.Be1f2 Qe3c1
50.Ke2 Rf3c3
51.Qg2e4 Rc3c2
52.Kf3 Qc1h1
53.Ke3 Rc2c3
{ resign }
0-1

[Event "Tourn. n9857"]
[Site "www.echecsemail.com"]
[Date "2018.07.30"]
[Round "1"]
[White "Biggles"]
[Black "Ditto"]
[WhiteElo "2110"]
[BlackElo "1880"]
[Result "1-0"]
[Round "1"]
1.e4 e5
2.Ng1f3 Nb8c6
3.d4 d6
4.Bf1c4 Bc8g4
5.Bc4xf7 Kxf7
6.dxe5 Nc6xe5
7.Nf3xe5 dxe5
8.Qd1xg4 Ng8f6
9.Qg4f3 Bf8d6
10.Nb1c3 Rh8f8
11.Bc1g5 Kg8
12.Qf3e3 c6
13.O-O-O Qd8e7
14.Kb1 a5
15.g3 Qe7e6
16.f4 Nf6g4
17.Qe3e2 exf4
18.Rd1xd6 Qe6xd6
19.Qe2xg4 f3
20.Bg5f4 Qd6d4
21.Qg4xf3 b5
22.Qf3d1 Qd4c5
23.Bf4d6 Qc5c4
24.Bd6xf8 Ra8xf8
25.a3 b4
26.axb4 Qc4xb4
27.Qd1d7 Rf8b8
28.Qd7e6 Kh8
29.Nc3d1 Qb4b5
30.Qe6f7 a4
31.Rh1f1 h6
32.Rf1f5 Qb5e2
33.Qf7d7 c5
34.Rf5f7 Rb8g8
35.Nd1c3 Qe2e1
36.Qd7d1 Qe1e3
37.Qd1d5 a3
38.e5 Qe3e1
39.Ka2 axb2
40.Kxb2 Rg8b8
41.Rf7b7 Rb8a8
42.Nc3d1 Qe1a5
43.Kc1 Qa5a1
44.Kd2 Qa1a5
45.Nd1c3 Ra8d8
46.Rb7d7 Rd8f8
47.Kd3 Qa5a6
48.Ke4 Qa6g6
49.Ke3 Qg6b6
50.Nc3e4 c4
51.Qd5c5 Qb6a6
52.Qc5xf8 { resign }
1-0

[Event "Tourn. n9904"]
[Site "www.echecsemail.com"]
[Date "2018.07.30"]
[Round "1"]
[White "Odin"]
[Black "Cybervincy"]
[WhiteElo "1920"]
[BlackElo "1929"]
[Result "1-0"]
[Round "1"]
1.d4 d5
2.c4 e6
3.Ng1f3 Ng8f6
4.Bc1f4 Bf8d6
5.Bf4e5 Bd6b4
6.Nb1c3 Nb8d7
7.Be5g3 Nf6e4
8.Qd1c2 Nd7f6
9.Qc2a4 { resign }
1-0

[Event "Match"]
[Site "www.echecsemail.com"]
[Date "2018.07.30"]
[Round "1"]
[White "Eeze"]
[Black "Cristiano"]
[WhiteElo "1719"]
[BlackElo "1820"]
[Result "0-1"]
[Round "1"]
1.e4 e5
2.Ng1f3 Nb8c6
3.c3 Ng8f6
4.d3 Bf8e7
5.h3 d5
6.Qd1c2 O-O
7.d4 exd4
8.exd5 Qd8xd5
9.Bf1e2 Rf8d8
10.Qc2b3 d3
11.Qb3xd5 Rd8xd5
12.Be2d1 Bc8e6
13.O-O Nf6e4
14.Nb1d2 Ne4f6
15.Rf1e1 Ra8e8
16.Bd1b3 Rd5d6
17.Nd2e4 Nf6xe4
18.Re1xe4 Be7f6
19.Bc1f4 Rd6d7
20.Bb3xe6 fxe6
21.Ra1d1 e5
22.Bf4g5 Kf7
23.Bg5d2 h6
24.Nf3h2 h5
25.f4 exf4
26.Re4xf4 Kg6
27.Nh2f3 Re8e6
28.Nf3e1 Bf6g5
29.Rf4f2 Bg5h4
30.Rf2f1 Nc6e5
31.Ne1f3 Ne5xf3
32.Rf1xf3 Re6f6
33.Bd2f4 c6
34.Bf4e5 Rf6xf3
35.gxf3 d2
36.Be5d4 Bh4e1
37.Kf1 b6
38.Bd4f2 Kf5
39.Bf2xe1 dxe1Q
40.Rd1xe1 Kf4
41.Kf2 Rd7d2
42.Re1e2 Rd2xe2
43.Kxe2 h4
44.b3 Kg3
45.Ke3 g5
46.c4 a6
47.a3 a5
48.b4 a4
49.f4 gxf4
50.Ke4 f3
51.Ke5 f2
52.Kd6 f1Q
53.Kxc6 Qf1xc4
54.Kxb6 Qc4b3
55.Ka5 Qb3xa3
56.b5 Qa3b3
57.b6 a3
58.Ka6 a2
59.Kb7 a1Q
60.Kc7 Qa1a8
61.b7 Qa8xb7
62.Kd8 Qb3g8

0-1

[Event "Tourn. n9851"]
[Site "www.echecsemail.com"]
[Date "2018.07.30"]
[Round "1"]
[White "Cybervincy"]
[Black "Passaroa25"]
[WhiteElo "1499"]
[BlackElo "1640"]
[Result "1-0"]
[Round "1"]
1.d4 Ng8f6
2.c4 Nb8c6
3.Ng1f3 Nc6a5
4.Nb1c3 Na5xc4
5.e4 Nc4b6
6.Bf1e2 c6
7.O-O e6
8.a4 a5
9.Bc1g5 h6
10.Bg5h4 Bf8e7
11.e5 Nf6d5
12.Bh4xe7 Nd5xe7
13.Nc3e4 Ne7g6
14.Ne4d6 Ke7
15.g3 Qd8f8
16.h4 Nb6d5
17.Qd1d2 Nd5c7
18.h5 Nc7e8
19.Nd6xe8 Kxe8
20.hxg6 fxg6
21.Qd2c2 Qf8f7
22.Nf3d2 g5
23.Nd2e4 Ke7
24.Qc2c5 d6
25.Ne4xd6 Qf7f8
26.Nd6xc8 Kf7
27.Be2h5 g6
28.Nc8d6 Kg7
29.Bh5e2 Qf8e7
30.Nd6f5 Kf7
31.Qc5xe7 Kg8
32.Qe7g7 
1-0

[Event "Tourn. n9867"]
[Site "www.echecsemail.com"]
[Date "2018.07.30"]
[Round "1"]
[White "Libiesse"]
[Black "Bojan"]
[WhiteElo "1950"]
[BlackElo "2100"]
[Result "0-1"]
[Round "1"]
1.d4 d5
2.c4 dxc4
3.Ng1f3 e6
4.Nb1c3 c6
5.Bc1g5 f6
6.Bg5h4 a6
7.e4 b5
8.a3 Bf8e7
9.Bh4g3 c5
10.dxc5 Qd8xd1
11.Ra1xd1 Be7xc5
12.Bf1e2 Ng8e7
13.O-O Nb8c6
14.Bg3d6 Bc5b6
15.e5 fxe5
16.Bd6xe5 Nc6xe5
17.Nf3xe5 O-O
18.Kh1 Bb6xf2
19.Be2f3 Rf8xf3
20.Ne5xf3 Bf2b6
21.Nf3e5 Bb6a5
22.Nc3e2 Ne7d5
23.Ne5c6 Ba5c7
24.Ne2c3 Nd5e3
25.Nc6e7 Kh8
{ resign }
0-1

[Event "Tourn. n9877"]
[Site "www.echecsemail.com"]
[Date "2018.07.30"]
[Round "1"]
[White "Joskomol"]
[Black "Apdash"]
[WhiteElo "1809"]
[BlackElo "1810"]
[Result "1-0"]
[Round "1"]
1.e4 e5
2.Ng1f3 Nb8c6
3.Bf1b5 Ng8e7
4.d4 exd4
5.Nf3xd4 Nc6xd4
6.Qd1xd4 c6
7.Bb5c4 d5
8.exd5 Ne7xd5
9.Nb1c3 Bc8e6
10.Nc3xd5 Be6xd5
11.Bc4xd5 Qd8xd5
12.Qd4xd5 cxd5
13.Bc1e3 b6
14.O-O-O O-O-O
15.Rd1d3 Bf8c5
16.Be3xc5 bxc5
17.Rh1e1 Rd8d7
18.Re1e5 Rh8d8
19.c4 Kc7
20.cxd5 Kd6
21.Re5e1 Rd8b8
22.Rd3h3 h6
23.Rh3g3 g6
24.Kc2 Kxd5
25.Re1d1 Kc6
26.Rd1xd7 Kxd7
27.Rg3a3 Rb8b7
28.Ra3a6 Kc7
29.b3 Kb8
30.Ra6f6 Rb7c7
31.Kc3 Kb7
32.g4 a6
33.Kc4 Ka7
34.h4 Kb7
35.h5 gxh5
36.gxh5 Rc7c6
37.Rf6xf7 Kb6
38.Rf7g7 Rc6f6
39.Rg7g6 { resign }
1-0

[Event "Match"]
[Site "www.echecsemail.com"]
[Date "2018.07.30"]
[Round "1"]
[White "Joseph1983"]
[Black "Fegatux"]
[WhiteElo "2300"]
[BlackElo "2340"]
[Result "1-0"]
[Round "1"]
1.Ng1f3 d5
2.g3 Bc8g4
3.Bf1g2 e6
4.d3 Nb8d7
5.Nb1d2 Bf8d6
6.O-O Ng8e7
7.c4 c6
8.b3 O-O
9.Bc1b2 b5
10.Qd1c2 bxc4
11.dxc4 a5
12.e4 Qd8b8
13.Rf1e1 Rf8e8
14.a3 Ne7g6
15.h3 Bg4xf3
16.Nd2xf3 Ng6e5
17.Nf3xe5 Nd7xe5
18.exd5  { time }
1-0

[Event "Match"]
[Site "www.echecsemail.com"]
[Date "2018.07.30"]
[Round "1"]
[White "Apdash"]
[Black "Caspito"]
[WhiteElo "1930"]
[BlackElo "1950"]
[Result "1-0"]
[Round "1"]
1.e4 e5
2.Ng1f3 Nb8c6
3.Bf1b5 Ng8f6
4.O-O d5
5.exd5 Qd8xd5
6.c4 Qd5d3
7.Bb5xc6 bxc6
8.Rf1e1 Bc8e6
9.Nf3xe5 Qd3d6
10.Qd1a4 Bf8e7
11.Qa4xc6 Qd6xc6
12.Ne5xc6 Be7d6
13.d4 O-O
14.d5 Be6d7
15.Bc1g5 Rf8e8
16.Nb1c3 Bd6c5
17.Bg5xf6 gxf6
18.Nc3e4 Kg7
19.Ne4xc5 Bd7xc6
20.dxc6 a5
21.f4 Kg6
22.Kf2 Kf5
23.g3 Kg4
24.Re1xe8 Ra8xe8
25.Ra1e1 Re8b8
26.b3 f5
27.Re1e7 { resign }
1-0

[Event "Match"]
[Site "www.echecsemail.com"]
[Date "2018.07.30"]
[Round "1"]
[White "Joskomol"]
[Black "Jarrko7"]
[WhiteElo "2200"]
[BlackElo "1809"]
[Result "1-0"]
[Round "1"]
1.e4 d6
2.Qd1e2 f6
3.Qe2b5 Kf7
4.Bf1c4 Kg6
5.e5 Kh6
6.d3 Kg6
7.Ng1f3 f5
8.Nf3h4 { resign }
1-0

[Event "1/8 Finale"]
[Site "www.chess-mail.com"]
[Date "2018.07.30"]
[Round "1"]
[White "Sbb"]
[Black "George1955"]
[WhiteElo "2710"]
[BlackElo "2690"]
[Result "1/2-1/2"]
[Round "1"]
1.d4 Ng8f6
2.c4 g6
3.Nb1c3 d5
4.Ng1f3 Bf8g7
5.Qd1b3 dxc4
6.Qb3xc4 O-O
7.e4 Nb8c6
8.Bf1e2 Bc8g4
9.d5 Nc6a5
10.Qc4b4 Bg4xf3
11.Be2xf3 c6
12.O-O Qd8b6
13.Qb4a4 Nf6d7
14.Rf1d1 Rf8d8
15.g3 Nd7c5
16.Qa4c2 Na5c4
17.Ra1b1 Qb6b4
18.Kg2 h5
19.b3 Qb4xc3
20.Qc2xc3 Bg7xc3
21.bxc4 cxd5
22.cxd5 b6
23.Bc1e3 Ra8c8
24.g4 h4
25.g5 Nc5a4
26.Bf3g4 Rc8c4
27.Rd1c1 Rc4xe4
28.Bg4f3 Re4c4
29.a3 a6
30.Bf3e2 Rc4e4
31.Kf3 Re4e5
32.Be2d1 Bc3b2
33.Bd1xa4 Bb2xc1
34.Rb1xc1 Rd8xd5
35.Rc1c3 Re5xg5
36.Be3xg5 Rd5xg5
37.Ba4c2 { draw }
1/2-1/2

[Event "1/128 Finale"]
[Site "www.chess-mail.com"]
[Date "2018.07.30"]
[Round "1"]
[White "Claudia"]
[Black "Shapur"]
[WhiteElo "1920"]
[BlackElo "1499"]
[Result "1-0"]
[Round "1"]
1.e4 e5
2.Ng1f3 Nb8c6
3.Bf1c4 Bf8c5
4.O-O Ng8f6
5.b4 Bc5xb4
6.c3 Bb4e7
7.d4 d6
8.Qd1b3 O-O
9.Nf3g5 Qd8e8
10.Bc4b5  { time }
1-0